Normal view
MARC view
Entry Topical Term
001 - CONTROL NUMBER
- control field: 4005
003 - CONTROL NUMBER IDENTIFIER
- control field: OSt
005 - DATE AND TIME OF LATEST TRANSACTION
- control field: 20150801123746.0
008 - FIXED-LENGTH DATA ELEMENTS
- fixed length control field: 150801|| aca||aabn | a|a d
040 ## - CATALOGING SOURCE
- Original cataloging agency: OSt
- Transcribing agency: OSt
150 ## - HEADING--TOPICAL TERM
- Topical term or geographic name entry element: Social Problems
670 ## - SOURCE DATA FOUND
- Source citation: Work cat.: (OSt)4423: Srivastava, Ashok, Kumar 4004, Air Pollution, 1991









